000 00212 a2200097 4500
001 48249
100 _aNadwi, A.B.H
245 _aGlory of Iqbal
260 _aLahore
_bProgressive books
_c
090 _c31204
_d31204
942 _aNUST-CAE
_cM
_c23564
999 _c283322
_d283322